[Event "Erfurt op Seniors 29th"]
[Site "Erfurt"]
[Date "2019.12.29"]
[Round "4"]
[White "Huettemann, Karl Heinz"]
[Black "Weidlich, Guenter"]
[Result "1/2-1/2"]
[WhiteElo "2043"]
[BlackElo "2167"]
[PlyCount "27"]
[EventDate "2019.12.26"]
[EventType "swiss"]
[EventRounds "5"]
[EventCountry "GER"]
[SourceTitle "CBM 194 Extra"]
[Source "ChessBase"]
[SourceDate "2020.03.31"]
[SourceVersion "1"]
[SourceVersionDate "2020.03.31"]
[SourceQuality "1"]

1. c4 g6 2. Nc3 c5 3. g3 Bg7 4. Bg2 Nc6 5. e4 d6 6. Nge2 Nf6 7. d3 0-0 8. 0-0 Ne8 9. Be3 Nd4 10. f4 f5 11. Qd2 Nc7 12. Bf2 Nce6 13. Nxd4 Nxd4 14. Ne2 1/2-1/2

[Event "RLP Seniors op 17th"]
[Site "Neustadt an der Weinstrasse"]
[Date "2019.07.20"]
[Round "1"]
[White "Alle, Werner"]
[Black "Huettemann, Karl Heinz"]
[Result "0-1"]
[WhiteElo "1775"]
[BlackElo "2053"]
[PlyCount "54"]
[EventDate "2019.07.20"]
[EventType "swiss"]
[EventRounds "9"]
[EventCountry "GER"]
[SourceTitle "CBM 192 Extra"]
[Source "Chessbase"]
[SourceDate "2019.11.06"]
[SourceVersion "1"]
[SourceVersionDate "2019.11.06"]
[SourceQuality "1"]

1. e4 c5 2. d4 cxd4 3. c3 Nf6 4. e5 Nd5 5. Qxd4 e6 6. Nf3 Nc6 7. Qg4 Qc7 8. Qg3 Ncb4 9. Nd4 a6 10. Be2 Nc6 11. Nxc6 dxc6 12. 0-0 g6 13. Nd2 Bg7 14. Nf3 c5 15. Bg5 h6 16. Bd2 Bd7 17. b4 0-0 18. Bd3 Bc6 19. Qh4 Qd8 20. Qh3 Nxb4 21. Bxg6 fxg6 22. Qxe6+ Kh7 23. cxb4 Bxf3 24. Bc3 Qg5 25. g3 cxb4 26. Bxb4 Qf5 27. Qb3 Qh3 0-1

[Event "Ruhrgebiet Verbandsliga Gruppe 2 1819"]
[Site "Nordrheinwestfalen"]
[Date "2019.05.05"]
[Round "9.4"]
[White "Stremmel, Ralf"]
[Black "Huettemann, Karl Heinz"]
[Result "1/2-1/2"]
[WhiteElo "2045"]
[BlackElo "2013"]
[PlyCount "47"]
[EventDate "2018.09.23"]
[EventType "team-tourn"]
[EventRounds "9"]
[EventCountry "GER"]
[SourceTitle "EXT 2022"]
[Source "ChessBase"]
[SourceDate "2021.10.06"]
[SourceVersion "1"]
[SourceVersionDate "2021.10.06"]
[SourceQuality "1"]
[WhiteTeam "Essen Katernberg III"]
[BlackTeam "Dortmund SV"]
[WhiteTeamCountry "GER"]
[BlackTeamCountry "GER"]

1. e4 c5 2. Nc3 Nc6 3. f4 d6 4. Bb5 Bd7 5. Bxc6 Bxc6 6. Nf3 Nf6 7. d3 g6 8. 0-0 Bg7 9. Qe1 Qd7 10. Kh1 b6 11. a3 Rc8 12. h3 h5 13. Ng5 Nh7 14. Nxh7 Rxh7 15. f5 gxf5 16. Rxf5 Bxc3 17. bxc3 Qe6 18. c4 Kd7 19. a4 a5 20. Qe2 Rg8 21. Bb2 f6 22. Bc3 Kc7 23. Qd2 Ra8 24. Qc1 1/2-1/2

[Event "Rheinland Pfalz op Seniors 16th"]
[Site "Neustadt an der Weinstrasse"]
[Date "2018.07.08"]
[Round "2"]
[White "Costea, Valerius"]
[Black "Huettemann, Karl Heinz"]
[Result "0-1"]
[WhiteElo "1865"]
[BlackElo "2096"]
[PlyCount "113"]
[EventDate "2018.07.07"]
[EventType "swiss"]
[EventRounds "9"]
[EventCountry "GER"]
[SourceTitle "EXT 2019"]
[Source "ChessBase"]
[SourceDate "2018.10.10"]
[SourceVersion "1"]
[SourceVersionDate "2018.10.10"]
[SourceQuality "1"]

1. e4 c5 2. Nf3 Nf6 3. Nc3 d5 4. exd5 Nxd5 5. d4 Nxc3 6. bxc3 e6 7. Bd3 Bd6 8. 0-0 h6 9. Qe2 0-0 10. Qe4 f5 11. Qe2 Qc7 12. Re1 Nc6 13. g3 Bd7 14. Bd2 Rae8 15. Bc4 Kh7 16. Ne5 Bxe5 17. dxe5 Na5 18. a4 Bc6 19. Bb5 a6 20. Bxc6 Nxc6 21. f4 Rd8 22. Be3 Rd5 23. Reb1 Na5 24. Ra2 Rc8 25. c4 Rd7 26. Rab2 Qc6 27. Rb6 Qxa4 28. Rxe6 Qxc4 29. Qxc4 Nxc4 30. Kf2 Kg8 31. g4 fxg4 32. h3 gxh3 33. Rh1 Kf7 34. f5 Nxe3 35. Kxe3 Re7 36. Rxe7+ Kxe7 37. Rxh3 Rd8 38. Rg3 Kf8 39. c3 c4 40. Ke4 Rd3 41. Rg6 Rxc3 42. Kd5 Rd3+ 43. Ke6 Rd8 44. f6 Re8+ 45. Kf5 gxf6 46. exf6 Re1 47. Rxh6 b5 48. Rh8+ Kf7 49. Rh7+ Kg8 50. Rg7+ Kf8 51. Ra7 c3 52. Ra8+ Re8 53. Rxa6 Rc8 54. Ra1 c2 55. Rc1 b4 56. Kg6 Rc3 57. Ra1 0-1

[Event "Rheinland Pfalz op Seniors 15th"]
[Site "Neustadt an der Weinstrasse"]
[Date "2017.07.22"]
[Round "8"]
[White "Huettemann, Karl Heinz"]
[Black "Esterluss, Johannes"]
[Result "1/2-1/2"]
[WhiteElo "2192"]
[BlackElo "2017"]
[PlyCount "47"]
[EventDate "2017.07.15"]
[EventType "swiss"]
[EventRounds "9"]
[EventCountry "GER"]
[SourceTitle "EXT 2018"]
[Source "ChessBase"]
[SourceDate "2017.10.13"]
[SourceVersion "1"]
[SourceVersionDate "2017.10.13"]
[SourceQuality "1"]

1. c4 g6 2. Nc3 Bg7 3. g3 Nc6 4. Bg2 e5 5. e4 Nge7 6. Nge2 d6 7. d3 Be6 8. 0-0 0-0 9. h3 Qd7 10. Kh2 f5 11. f4 Rab8 12. Rb1 a5 13. a3 Kh8 14. Nd5 Bg8 15. Qa4 Rfd8 16. Nxe7 Nxe7 17. Qxa5 fxe4 18. Bxe4 d5 19. cxd5 Bxd5 20. Bxd5 Qxd5 21. Qxd5 Rxd5 22. fxe5 Bxe5 23. Bf4 Nc6 24. Bxe5+ 1/2-1/2

[Event "Ruhrgebiet Regionalliga 1617"]
[Site "Germany"]
[Date "2017.02.26"]
[Round "7.3"]
[White "Huettemann, Karl Heinz"]
[Black "Limbourg, Philipp"]
[Result "0-1"]
[WhiteElo "2048"]
[BlackElo "2180"]
[PlyCount "174"]
[EventDate "2016.09.11"]
[EventType "team-tourn"]
[EventRounds "9"]
[EventCountry "GER"]
[SourceTitle "EXT 2022"]
[Source "ChessBase"]
[SourceDate "2021.10.06"]
[SourceVersion "1"]
[SourceVersionDate "2021.10.06"]
[SourceQuality "1"]
[WhiteTeam "Dortmund SV"]
[BlackTeam "Muelheim Nord III"]
[WhiteTeamCountry "GER"]
[BlackTeamCountry "GER"]

1. c4 e5 2. Nc3 Nc6 3. Nf3 Bb4 4. Qc2 Nf6 5. e3 0-0 6. Nd5 Re8 7. a3 Bf8 8. Qf5 Nxd5 9. cxd5 d6 10. Qc2 Ne7 11. Bb5 Bf5 12. e4 c6 13. dxc6 bxc6 14. Be2 Bg4 15. d3 Ng6 16. 0-0 Nf4 17. Bxf4 exf4 18. Nd4 Bxe2 19. Qxe2 Qb6 20. Nf3 Rab8 21. b4 d5 22. e5 a5 23. Qd2 axb4 24. axb4 Qxb4 25. Qc2 Qb7 26. Qd2 Qb4 27. Qc2 Qb7 28. Qd2 Qb3 29. d4 c5 30. dxc5 Bxc5 31. Rad1 Rbd8 32. Qxf4 d4 33. Rb1 Qd5 34. Rfd1 d3 35. h4 h6 36. Ne1 Rxe5 37. Nxd3 Re4 38. Qf3 Rd4 39. Nb2 Qxf3 40. gxf3 Rd2 41. Rxd2 Rxd2 42. Nd1 Be7 43. h5 Rd5 44. Nc3 Rg5+ 45. Kf1 Rxh5 46. Rb8+ Bf8 47. Ne4 Rd5 48. Kg2 f5 49. Nc3 Rc5 50. Ne2 Kf7 51. Nf4 Be7 52. Rb7 Ra5 53. Rd7 g5 54. Rd5 Rxd5 55. Nxd5 Bd6 56. Nc3 Ke6 57. Ne2 Kd5 58. Ng1 Kc4 59. Kf1 Kd3 60. Ne2 Bf4 61. Ng1 h5 62. Nh3 Bc1 63. Kg2 Ke2 64. Ng1+ Ke1 65. Nh3 Bd2 66. Ng1 Bb4 67. Nh3 Be7 68. Ng1 Kd2 69. Nh3 Ke2 70. Ng1+ Kd3 71. Nh3 Kd4 72. Ng1 Ke5 73. Ne2 Kf6 74. Ng1 Bd6 75. Ne2 Bb8 76. Ng1 Kg6 77. Ne2 h4 78. Nd4 Ba7 79. Nc6 Bc5 80. Ne5+ Kh5 81. Nd3 Bd6 82. f4 Bxf4 83. Nxf4+ gxf4 84. f3 Kg6 85. Kh3 Kg5 86. Kg2 Kf6 87. Kh3 Ke5 0-1

[Event "GER-chT Seniors 25th"]
[Site "Magdeburg"]
[Date "2016.10.11"]
[Round "3.4"]
[White "Huettemann, Karl Heinz"]
[Black "Schultheis, Heinz"]
[Result "1/2-1/2"]
[WhiteElo "2249"]
[BlackElo "2109"]
[PlyCount "20"]
[EventDate "2016.10.09"]
[EventType "team-swiss"]
[EventRounds "7"]
[EventCountry "GER"]
[SourceTitle "EXT 2019"]
[Source "ChessBase"]
[SourceDate "2018.10.10"]
[SourceVersion "1"]
[SourceVersionDate "2018.10.10"]
[SourceQuality "1"]
[WhiteTeam "Nordrhein Westfalen"]
[BlackTeam "Sachsen Anhalt"]
[WhiteTeamCountry "GER"]
[BlackTeamCountry "GER"]

1. c4 e6 2. Nf3 d5 3. d4 Nf6 4. Nc3 Nbd7 5. cxd5 exd5 6. Bf4 c6 7. h3 Qa5 8. a3 Ne4 9. Qc1 Nxc3 10. Qxc3 Qxc3+ 1/2-1/2